000 00504ntaaa2200181 4500
003 01
005 20251027202222.0
008 0714s1973 ag 01
040 _aAR-BaBN
_bspa
_cAR-BaBN
_eaacr
_dRIC
082 _a268.0000 H361
100 _aHatcher, William E.
_920677
245 _aThe pastor and the sunday school
250 _a1 ed.
260 _aNashville :
_bSunday School Board of the Southern Baptist Convention,
_c1902
300 _a180 p
650 _aescuelas dominicales
_918398
942 _cBK
999 _c17036
_d17036